000 01351nam0a22003011 4500
001 rc\2930581
005 20260406090030.0
035 _a(NLR Aleph) 007080102
090 _a6468215
_c6468215
100 _a20110818d1933 |||y0rusy50 ca
101 1 _arus
102 _aRU
105 _aa z |||||
200 1 _aКак рождалась современная математика
_fГ. Вилейтнер
_gПер. с нем. А.А. Мочульского
_gПод ред. проф. А. Я. Хинчина
_g[Предисл.: А. Юшкевич]
205 _a2-е изд.
210 _aМосква
_aЛенинград
_cГос. техн.-теорет. изд-во
_d1933
_eМосква
_g15 тип. треста "Полиграфкнига"
215 _aОбл., 100 с.
_cчерт.
_d20×13 см
300 _aНа обороте тит. л.: "H. Wieleitner. Die geburt der modernen mathematik"
700 1 _aВилейтнер
_bГ.
_f1874-1932
_gГенрих
702 1 _aМочульский
_bА.А.
_4730
702 1 _aХинчин
_bА.Я.
_4340
702 1 _4080
_7ca
_8rus
_aЮшкевич
_bА. П.
_cд-р физ.-мат. наук
_f1906-1993
_gАдольф Павлович
_3RU\NLR\AUTH\770280587
_92652554
801 0 _aRU
_bNLR
_gpsbo
801 1 _aRU
_bELAR
_2rusmarc
852 _aNLR
_j33-2/816
942 _cBOOK
980 _aNB